| 000 | 00355pab a2200133 454500 | ||
|---|---|---|---|
| 008 | 180718b xxu||||| |||| 00| 0 eng d | ||
| 100 | _aKohli S.S. | ||
| 245 | _aEconomic policy : what went wrong and why | ||
| 362 | _a29 Dec 1994, p.8 | ||
| 650 | _a Economic Policy -- India | ||
| 650 | _aEconomic Development -- India | ||
| 773 | _aTribune | ||
| 909 | _a27786 | ||
| 999 |
_c27786 _d27786 |
||